000 01494cam a22001934a 4500
005 20250605164105.0
008 250528s ||||||||||||||||||||||||d
035 _a17714
020 _a9789605830489
040 _aGR-AtMCL
_bgre
_dGR-AtMCL
_eAACR2
245 1 _aΕγχειρίδιο Προσβασιμότητας για ΑμεΑ / Θέματα Καθημερινότητας
260 _bΕκδόσεις Παρισιάνου,
_c2015
300 _a220
520 _aΣτόχος του εγχειριδίου αυτού είναι η ρεαλιστική, με φωτογραφίες από την πραγματικότητα της Ελλάδας, παρουσίαση της (μη) προσβασιμότητας, η χρηστική ερμηνεία της νομοθεσίας καθώς και η παρουσίαση καλών και κακών τεχνικών εφαρμογών. Η Ανάπηρια, Νομοθεσία, Αρχές και Οδηγίες και Διευκολύνσεις, Ρυθμίσεις σε Βασικούς Χώρους Διαμονής και Εκπαίδευσης και Εργασίας για ΑμεΑ, Μεσα Μαζικής Μεταφοράς, Κοινόχρηστοι χώροι Αστικού Περιβάλλοντος: Πόσο Εφαρμόζεται η Νομοθεσία;, Παράρτημα, Πληροφορίες.
700 1 _aΠαπαδόπουλος Ιωάννης Στ
_93901
942 _cBK
999 _c3115
_d3115